Kinh tế chính trị : Hệ thống kinh tế tư bản chủ nghĩa . t. I /

Wedi'i Gadw mewn:
Manylion Llyfryddiaeth
Prif Awdur: Medvedev, V. A.
Fformat: Sách giấy
Iaith:Vietnamese
Cyhoeddwyd: TP.HCM : Trường Nguyễn Ái Quốc II , 1989
Tagiau: Ychwanegu Tag
Dim Tagiau, Byddwch y cyntaf i dagio'r cofnod hwn!
Thư viện lưu trữ: Thư viện Trường Đại học Đà Lạt
LEADER 00647nam a2200253 4500
001 DLU020013106
005 ##6/6/2000
020 # # |a 978- 
041 # # |a vie 
082 # # |a 335.412  |b ME-V 
090 # # |a 335.412  |b ME-V 
100 # # |a Medvedev, V. A. 
245 # # |a Kinh tế chính trị :  |b Hệ thống kinh tế tư bản chủ nghĩa .  |n t. I /  |c Medvedev V. A. 
260 # # |a TP.HCM :  |b Trường Nguyễn Ái Quốc II ,  |c 1989 
300 # # |a 216 tr.;   |c 19 cm. 
992 # # |a 5250 
994 # # |a DLU 
900 # # |a False 
911 # # |a Administrator 
925 # # |a G 
926 # # |a A 
927 # # |a SH 
980 # # |a Thư viện Trường Đại học Đà Lạt